Normal view
MARC view
- Supervisor: Dr. Attaullah Y. Memon
Entry Personal Name
001 - CONTROL NUMBER
- control field: 127286
003 - CONTROL NUMBER IDENTIFIER
- control field: NUST
005 - DATE AND TIME OF LATEST TRANSACTION
- control field: 20241231132722.0
008 - FIXED-LENGTH DATA ELEMENTS
- fixed length control field: 241231|| aca||aabn | a|a d
040 ## - CATALOGING SOURCE
- Original cataloging agency: NUST
- Transcribing agency: NUST
100 ## - HEADING--PERSONAL NAME
- Personal name: Supervisor: Dr. Attaullah Y. Memon
670 ## - SOURCE DATA FOUND
- Source citation: Work cat.: (NUST)535420: Ahmed Zaidi, Syed Adeel 29983, A Waypoint Tracking Controller for an Autonomous Underwater Vehicle /, 2015.
